1367 1717 1709 1449 1341 1147 1478 1502 1258 1131 1533 1933 1644 1815 1877 1298 1708 1599 1184 1961 1636 1969 1626 1685 1952 1536 1426 1081 1728 1614 1864 1848 1928 1990 1495 1637 1058 1245 1076 1569 1746 1512 1574 1242 1490 1906 1769 1927 1199 1808 1866 1825 1049 1608 2000 1153 1282 1918 1258 1158 1016 1102 1818 1480 1944 1711 1732 1734 1605 1907 1519 1349 1725 1658 1427 1732 1881 1229 1863 1715 1997 1616 1961 1510 1691 1169 1477 1010 1787 1185 1484 1658 1752 1062 1596 1421 1201 1321 1386 BCNSPRNW ULIB Ver.6.0+V

เปลี่ยนเป็นภาษาไทย

Change to English
 แสดงรายละเอียดบรรณานุกรม
  กลับหน้าหลัก

Brief Record : Get Marc (ISO 2709) : E-mail record : QR code < ปิดหน้าต่าง
LEADER : 00000nam 2200000uu 4500
001    13399113194
003     ULIB
008    111003s2550||||th 000 0 tha d
020    9789748424651
050  4 QA76.9^bก673ร 2550
100 0  กิตติ ภักดีวัฒนะกุล
245 10 ระบบฐานข้อมูล =^bDatabase systems /^cกิตติ ภักดีวัฒนะกุล,จำลอง ครูอุตสาหะ
250    พิมพ์ครั้งที่ 9
260    กรุงเทพฯ :^bเคทีพีคอมพ์แอนด์คอนซัลท์,^c2550
300    xxvi, 460 หน้า :^bภาพประกอบ ;^c24 ซม.
650  4 การจัดการฐานข้อมูล
650  4 ฐานข้อมูล
650  4 ระบบการจัดเก็บและค้นข้อสนเทศ
700 0  จำลอง ครูอุตสาหะ
945    ^p350^l0^i027344
995    ทศพร
999 ^a ทศพร
รายการนี้ยังไม่มีแท็ก
คุณยังไม่ได้ล็อกอิน คุณสามารถมีกิจกรรมร่วมกับเว็บไซต์ได้ แต่ต้องล็อกอินก่อน ::
  ล็อกอิน

รายการสื่อสารสนเทศ

ลำดับที่ ประเภท เลขเรียก/บาร์โค้ด สถานที่ สถานะ
- ไม่พบข้อมูล -

รายการใกล้เคียง
    ผู้แต่ง [กิตติ ภักดีวัฒนะกุล]

    หัวเรื่อง [การจัดการฐานข้อมูล]
    หัวเรื่อง [ฐานข้อมูล]
    หัวเรื่อง [ระบบการจัดเก็บและค้นข้อสนเทศ]

BibComment


ยังไม่เคยถูกคอมเมนท์

คอมเมนท์ทรัพยากรรายการนี้
  คอมเมนท์: ระบบฐานข้อมูล Da..


 Copyright 2026. Bcnsprnw @Library